000 00893nam a2200217 i 4500
001 89965
003 ES-MaACL
005 20230906180318.0
007 t|
008 050117s1957 pr ||||1| spa d
100 1 _aLedru, André Pierre.
_971169
245 1 0 _aViaje a la Isla de Puerto Rico en el año 1797 /
_cAndré Pierre Ledru ; bajo la dirección del Capitán Nicolás Baudin ; traducido por Julio L. de Vizcarrondo ; prólogo de Eugenio Fernández Méndez.
250 _a[2ª ed.].
260 _aPuerto Rico :
_bUniversidad de Puerto Rico, Instituto de Literatura Puertorriqueña,
_c1957.
300 _aXXIII, 178 p. ;
_c22 cm.
651 4 _aPuerto Rico-
_xDescripción-
_vObras anteriores a 1800.
_9165529
700 1 _aBaudin, Nicolás.
_926523
700 1 _aVizcarrondo, Julio L.
_9115618
700 1 _aFernández Méndez, Eugenio.
_949921
852 _aES-MaACL
_jC-18397
_bR.46534
999 _c89965
_d89965